[Event "Pohar mesta Ricany 2010 - cena Klidneho mesta"]
[Site "http://www.openricany.cz"]
[Date "2010.08.28"]
[Round "9.9"]
[White "Umanec, Filip"]
[Black "Vavrinec, Tomas"]
[Result "1-0"]
[WhiteElo "2225"]
[BlackElo "2030"]

1. e4 e6 2. d4 d5 3. Nc3 dxe4 4. Nxe4 Nd7 5. Nf3 Ngf6 6. Nxf6+ Nxf6 7. c3 c5
8. Ne5 cxd4 9. Bb5+ Bd7 10. Nxd7 Nxd7 11. Qxd4 a6 12. Ba4 b5 13. Bc2 Nb6 14. Qg4
Qf6 15. Be4 Rc8 16. O-O Rc4 17. b3 h5 18. Qe2 Rc7 19. Bb2 Qg5 20. f4 Qg4 21. Bf3
Qf5 22. Rae1 Be7 23. Be4 Qc5+ 24. Kh1 Bf6 25. f5 e5 26. a4 h4 27. b4 Qc4 28. Bd3
Qb3 29. axb5 Na4 30. Rb1 h3 31. bxa6 hxg2+ 32. Qxg2 Ke7 33. Bc2 Qa2 34. Bxa4
Qxa4 35. Ra1 1-0

[Event "Pohar mesta Ricany 2010 - cena Klidneho mesta"]
[Site "http://www.openricany.cz"]
[Date "2010.08.28"]
[Round "9.12"]
[White "Postupa, Pavel jun."]
[Black "Pospisil, Martin"]
[Result "1-0"]
[WhiteElo "2149"]
[BlackElo "1931"]

1. e4 c5 2. Nf3 d6 3. d4 cxd4 4. Nxd4 Nf6 5. Nc3 g6 6. Bc4 Bg7 7. O-O O-O
8. Bb3 Nc6 9. Re1 Bd7 10. h3 Nxd4 11. Qxd4 b5 12. Bg5 a5 13. e5 dxe5 14. Qxe5 a4
15. Bd5 Nxd5 16. Qxd5 e6 17. Qd2 Qc7 18. Ne4 f6 19. Bh6 Rad8 20. Bxg7 Kxg7
21. Qb4 e5 22. Rad1 Bf5 23. Nc3 Rxd1 24. Rxd1 Rd8 25. Rd5 Rxd5 26. Nxd5 Qd7
27. Ne3 Be6 28. b3 Bf7 29. c4 axb3 30. axb3 bxc4 31. bxc4 Qc6 32. Qe7 Kg8 33. c5
h5 34. g4 hxg4 35. hxg4 Qe6 36. Qb7 Be8 37. Qb8 Qd7 38. g5 Kg7 39. gxf6+ Kxf6
40. Kh2 g5 41. Kg3 Ke6 42. Ng4 Qd3+ 43. f3 e4 1-0

[Event "Pohar mesta Ricany 2010 - cena Klidneho mesta"]
[Site "http://www.openricany.cz"]
[Date "2010.08.28"]
[Round "9.6"]
[White "Haman, Jakub"]
[Black "Vanka, Miloslav"]
[Result "1/2-1/2"]
[WhiteElo "1968"]
[BlackElo "2189"]

1. e4 c5 2. Nf3 e6 3. d4 cxd4 4. Nxd4 a6 5. Nc3 Qc7 6. Bd3 Nf6 7. O-O Bc5
8. Nb3 Ba7 9. Qe2 d6 10. Be3 Bxe3 11. Qxe3 Nbd7 12. Qg3 O-O 13. Rae1 g6 14. f4
b5 15. Kh1 Bb7 16. Qh4 Kg7 17. Re3 h6 18. Ne2 Ng8 19. Nbd4 Rae8 20. Rg3 Qd8
21. Qh3 Qf6 22. Kg1 Kh7 23. Nf3 Qe7 24. Ned4 e5 25. Ne2 Ngf6 26. Nh4 Bxe4
27. Bxe4 Nxe4 28. Nf5 gxf5 29. Qxf5+ Kh8 30. Qxe4 f5 31. Qc6 Rc8 32. Qxa6 Rxc2
33. Qxb5 Rb8 34. Qd3 Rbxb2 35. Nc3 exf4 36. Rxf4 Rc1+ 37. Rf1 Rxf1+ 38. Kxf1 Qe5
39. Qc4 Nf6 40. Qc8+ Ne8 41. Qc4 Nf6 42. Qc8+ Ne8 1/2-1/2

[Event "Pohar mesta Ricany 2010 - cena Klidneho mesta"]
[Site "http://www.openricany.cz"]
[Date "2010.08.28"]
[Round "9.26"]
[White "Cap, Adam"]
[Black "Petras, Milan"]
[Result "1-0"]
[WhiteElo "1693"]
[BlackElo "2018"]

1. e4 e5 2. Nf3 Nc6 3. Bc4 Nf6 4. Ng5 d5 5. exd5 Na5 6. Bb5+ c6 7. dxc6 bxc6
8. Be2 h6 9. Nf3 e4 10. Ne5 Qd4 11. Ng4 Nb7 12. O-O Bc5 13. Nc3 Bxg4 14. Bxg4 e3
15. Bf3 exf2+ 16. Kh1 O-O 17. Bxc6 Rae8 18. Bxe8 Rxe8 19. d3 Nd6 20. Qf3 g5
21. Bd2 Re6 22. Rab1 Qe5 23. Na4 h5 24. Nxc5 Ng4 25. g3 Qxc5 26. h3 Rf6 27. Qa8+
Kh7 28. hxg4 Rh6 29. Bc3 hxg4+ 30. Kg2 f6 31. Rh1 Rh3 32. Bxf6 Kg6 33. Bc3 Rxg3+
34. Kxg3 Nf5+ 35. Kxg4 Ne3+ 36. Kf3 g4+ 37. Ke2 f1=Q+ 38. Rbxf1 Nxf1 39. Qe8+
Kg5 40. Qh5+ 1-0

[Event "Pohar mesta Ricany 2010 - cena Klidneho mesta"]
[Site "http://www.openricany.cz"]
[Date "2010.08.28"]
[Round "9.42"]
[White "Minasjan, Garegin"]
[Black "Rydl, Jiri"]
[Result "0-1"]
[WhiteElo "1841"]
[BlackElo "1906"]

1. e4 e6 2. d4 d5 3. exd5 exd5 4. Bd3 c5 5. dxc5 Bxc5 6. Nf3 Ne7 7. O-O O-O
8. h3 Bf5 9. Bf4 Nbc6 10. Bxf5 Nxf5 11. Qd3 Ncd4 12. Nxd4 Nxd4 13. c3 Ne6
14. Be3 Bxe3 15. Qxe3 Re8 16. Re1 Nf4 17. Qd2 Qg5 18. g3 Nxh3+ 19. Kg2 Rxe1
20. Qxe1 Nf4+ 21. Kh2 Qh5+ 22. Kg1 Nh3+ 23. Kg2 Ng5 24. Nd2 Ne6 25. Qe3 b6
26. Nb3 Qf5 27. Re1 Re8 28. Nd4 Qf6 29. Qd2 Kf8 30. Nf3 Nc7 31. Ng5 Qf5
32. Rxe8+ Kxe8 33. Nf3 Qe4 34. Qg5 Ne6 35. Qe5 Qxe5 36. Nxe5 Nd8 37. Kf3 f6
38. Nd3 Kd7 39. Ke3 Ne6 40. b3 Kd6 41. f3 h5 42. f4 g5 43. fxg5 fxg5 44. Nf2 Ke5
45. Nd3+ Kf5 46. Nb4 Kg4 47. Kf2 d4 48. cxd4 Nxd4 49. Nd5 Kf5 50. Ke3 Nc6
51. Nc3 h4 52. gxh4 gxh4 53. Kf3 Ne5+ 54. Kg2 Kg4 55. Nd5 h3+ 56. Kh2 Nf3+
57. Kh1 Kg3 58. Nc3 Ne5 59. a3 Nd3 60. Ne4+ Kf4 61. Nc3 Nc5 62. b4 Ne4 63. Nd1
Kg3 64. Kg1 b5 0-1

[Event "Pohar mesta Ricany 2010 - cena Klidneho mesta"]
[Site "http://www.openricany.cz"]
[Date "2010.08.28"]
[Round "9.24"]
[White "Boucek, Vlastimil"]
[Black "Sochorova, Jana"]
[Result "1-0"]
[WhiteElo "2038"]
[BlackElo "1919"]

1. e4 c6 2. d3 d5 3. Qe2 dxe4 4. dxe4 e5 5. Be3 Nf6 6. f3 Be6 7. g3 Nbd7 8. Nh3
Bc5 9. c3 Bxe3 10. Qxe3 Qb6 11. Qc1 h6 12. Nf2 O-O 13. Be2 Rad8 14. O-O Rfe8
15. Kg2 Nf8 16. Na3 Rd7 17. Rd1 Red8 18. Rxd7 Rxd7 19. Nc2 Qd8 20. Ne1 Ng6
21. Qe3 h5 22. Qxa7 Rd2 23. Rd1 Rxd1 24. Nxd1 Qd2 25. Kf1 h4 26. Qe3 Qxe3
27. Nxe3 Bxa2 28. c4 hxg3 29. hxg3 Nd7 30. Nd3 Bb3 31. Nc1 Nc5 32. Ke1 Ba4
33. Kd2 b5 34. Kc3 bxc4 35. Kb4 Nb3 36. Kxa4 Nxc1 37. Bxc4 Kf8 38. Kb4 Ne7
39. Kc3 Nc8 40. Kd2 1-0

[Event "Pohar mesta Ricany 2010 - cena Klidneho mesta"]
[Site "http://www.openricany.cz"]
[Date "2010.08.28"]
[Round "9.39"]
[White "Adamik, Frantisek"]
[Black "Hatas, Radim"]
[Result "0-1"]
[WhiteElo "1898"]
[BlackElo "1742"]

1. c4 Nf6 2. Nc3 e6 3. e4 d5 4. cxd5 exd5 5. e5 d4 6. exf6 dxc3 7. Qe2+ Be6
8. dxc3 Qxf6 9. Nf3 Nc6 10. Bg5 Qg6 11. h4 h6 12. Bf4 O-O-O 13. g3 Bc5 14. Bg2
Bf5 15. h5 Qh7 16. Bh3 Rhe8 17. Be3 Bxh3 18. Rxh3 Bxe3 19. fxe3 Rd3 20. Kf2 Qf5
21. Rh4 Rdxe3 22. Qxe3 Rxe3 23. Kxe3 Qc5+ 24. Ke2 Qb5+ 25. Ke3 Qxb2 26. Re1
Qxc3+ 27. Kf2 Qc5+ 28. Re3 a5 29. Rg4 Ne7 30. Nd4 Qxh5 31. Rxg7 Nf5 32. Rg8+ Kd7
33. Nxf5 Qxf5+ 34. Kg2 Qc2+ 35. Kh3 Qxa2 36. Rd3+ Kc6 37. Rf8 Qe6+ 38. g4 h5
39. Rg3 hxg4+ 40. Rxg4 Qe3+ 41. Rg3 0-1

[Event "Pohar mesta Ricany 2010 - cena Klidneho mesta"]
[Site "http://www.openricany.cz"]
[Date "2010.08.28"]
[Round "9.27"]
[White "Zvara, David"]
[Black "Halla, Jiri"]
[Result "0-1"]
[WhiteElo "2010"]
[BlackElo "1912"]

1. e4 e6 2. d4 d5 3. exd5 exd5 4. c4 Nf6 5. Nc3 Be7 6. Qb3 dxc4 7. Bxc4 O-O
8. Nf3 Nc6 9. Ne5 Nxd4 10. Bxf7+ Kh8 11. Qa4 Ng4 12. Nxg4 Bxg4 13. Bd5 Ne2
14. Qxg4 Nxc3 15. Bxb7 Rb8 16. Bf3 Rb4 17. Qg3 Bh4 18. Qh3 Re4+ 19. Kf1 Qd3+ 0-1

[Event "Pohar mesta Ricany 2010 - cena Klidneho mesta"]
[Site "http://www.openricany.cz"]
[Date "2010.08.28"]
[Round "9.22"]
[White "Voracek, Zdenek"]
[Black "Ries, Vilem"]
[Result "1-0"]
[WhiteElo "2056"]
[BlackElo "1940"]

1. d4 f5 2. g3 g6 3. Nd2 Nf6 4. Bg2 Bg7 5. e4 d6 6. exf5 gxf5 7. Ngf3 c6 8. O-O
O-O 9. Qe2 e5 10. dxe5 dxe5 11. Qxe5 Nd5 12. Qe2 Re8 13. Qd1 Be6 14. Nb3 Kh8
15. Nbd4 Bd7 16. c3 Na6 17. Ng5 Qe7 18. Qh5 Nf6 19. Nf7+ Kg8 20. Nh6+ Kh8
21. Qf3 1-0

[Event "Pohar mesta Ricany 2010 - cena Klidneho mesta"]
[Site "http://www.openricany.cz"]
[Date "2010.08.28"]
[Round "9.13"]
[White "Moravec, Vit"]
[Black "Suchomel, Ales"]
[Result "0-1"]
[WhiteElo "2065"]
[BlackElo "1926"]

1. e4 e6 2. Nf3 d5 3. e5 c5 4. b4 cxb4 5. a3 Nc6 6. axb4 Bxb4 7. c3 Bc5 8. d4
Bb6 9. Bd3 f5 10. Ng5 g6 11. g4 h6 12. Nf3 Qe7 13. gxf5 gxf5 14. Na3 Ba5 15. Nb5
a6 16. Nd6+ Kd7 17. Qb3 Rb8 18. Ba3 Qh7 19. Nxf5 exf5 20. Qxd5+ Ke8 21. Kd2 Qd7
22. Qc5 Nge7 23. e6 Qd5 24. Bc4 Qxf3 25. Be2 Qxc3+ 26. Qxc3 Bxc3+ 27. Kxc3 Bxe6
28. Bd6 Rd8 29. Bc5 Nd5+ 30. Kd2 Kd7 31. Rhb1 Rb8 32. Bf3 Rhg8 33. Re1 Rbe8
34. Bh5 Ra8 35. Bf3 Bf7 36. Rab1 b5 37. Ra1 a5 0-1

[Event "Pohar mesta Ricany 2010 - cena Klidneho mesta"]
[Site "http://www.openricany.cz"]
[Date "2010.08.28"]
[Round "9.45"]
[White "Havlicek, Pavel"]
[Black "Sedivy, Ondrej"]
[Result "0-1"]
[WhiteElo "1810"]
[BlackElo "1717"]

1. e4 e6 2. d4 d5 3. exd5 exd5 4. Bd3 Bd6 5. Nd2 Nf6 6. c3 O-O 7. Ne2 c6 8. O-O
Bg4 9. Re1 Nbd7 10. Qc2 Re8 11. Nf1 Qc7 12. Bg5 Bh5 13. Neg3 Bg6 14. Nf5 Kf8
15. b4 Ne4 16. Nxd6 Qxd6 17. Be3 a5 18. a3 axb4 19. axb4 Nb6 20. f3 Nf6 21. g3
Nc4 22. Bf4 Qd7 23. Ne3 Nxe3 24. Bxe3 Rxa1 25. Rxa1 Rxe3 26. Bxg6 hxg6 27. Kg2
Qf5 28. Qf2 Qd3 29. Ra8+ Re8 30. Ra7 Re2 31. Ra8+ Ke7 0-1

[Event "Pohar mesta Ricany 2010 - cena Klidneho mesta"]
[Site "http://www.openricany.cz"]
[Date "2010.08.28"]
[Round "9.14"]
[White "Postupa, Pavel sen."]
[Black "Hrdina, Robin"]
[Result "1-0"]
[WhiteElo "2072"]
[BlackElo "1878"]

1. e4 d5 2. exd5 Nf6 3. Bb5+ Bd7 4. Be2 Nxd5 5. d4 g6 6. Nf3 Bg4 7. h3 Bxf3
8. Bxf3 Nc6 9. Nc3 Nxc3 10. bxc3 Bg7 11. O-O O-O 12. Rb1 Rb8 13. Ba3 Re8
14. Rxb7 Rxb7 15. Bxc6 Rb6 16. Bxe8 Qxe8 17. Bc5 Ra6 18. Qb1 e6 19. Qb7 Rxa2
20. Rb1 Bf6 21. Qxc7 Bd8 22. Qd6 Bb6 23. Bxb6 axb6 24. Rxb6 Ra8 25. c4 Qa4
26. Rb8+ Rxb8 27. Qxb8+ Kg7 28. Qe5+ Kg8 29. c5 Qxc2 30. Qd6 h5 31. c6 e5
32. Qc5 Qb1+ 33. Kh2 Qf5 34. dxe5 Kh7 35. c7 Qc8 36. e6 1-0

[Event "Pohar mesta Ricany 2010 - cena Klidneho mesta"]
[Site "http://www.openricany.cz"]
[Date "2010.08.28"]
[Round "9.41"]
[White "Eisner, Oldrich"]
[Black "Agacinski, Tadeusz"]
[Result "1/2-1/2"]
[WhiteElo "1824"]
[BlackElo "2063"]

1. d4 Nf6 2. Nf3 e6 3. c4 Bb4+ 4. Bd2 a5 5. g3 O-O 6. Bg2 d5 7. Qc2 Bxd2+
8. Nbxd2 Nbd7 9. O-O b6 10. e4 dxe4 11. Nxe4 Bb7 12. Ne5 Nxe4 13. Bxe4 Bxe4
14. Qxe4 Nxe5 15. Qxe5 1/2-1/2

[Event "Pohar mesta Ricany 2010 - cena Klidneho mesta"]
[Site "http://www.openricany.cz"]
[Date "2010.08.28"]
[Round "9.17"]
[White "Matejovsky, Ondrej"]
[Black "Koper, Stefan"]
[Result "1-0"]
[WhiteElo "2037"]
[BlackElo "2020"]

1. e4 g6 2. d4 d5 3. e5 c5 4. c3 cxd4 5. cxd4 Nc6 6. Nc3 a6 7. Nf3 Nh6 8. Qb3
e6 9. Bg5 Qa5 10. Bd3 Ng8 11. Rc1 h5 12. Bd2 Qd8 13. Na4 Nge7 14. Nb6 Rb8
15. O-O Bg7 16. Nxc8 Nxc8 17. Rxc6 1-0